Catálogo

CIMBRAS : (Registro nro. 45042)

Detalles MARC
000 -LEADER
fixed length control field 01072nam a2200205 a 4500
001 - CONTROL NUMBER
control field 45042
005 - DATE AND TIME OF LATEST TRANSACTION
control field 20180714024108.0
008 - FIXED-LENGTH DATA ELEMENTS--GENERAL INFORMATION
fixed length control field 140415s1990 mx 000 0 spa d
020 ## - INTERNATIONAL STANDARD BOOK NUMBER
International Standard Book Number 9684640692
041 ## - LANGUAGE CODE
Language code of text/sound track or separate title spa
082 ## - DEWEY DECIMAL CLASSIFICATION NUMBER
Classification number 693.554
Item number RIC
100 1# - MAIN ENTRY--PERSONAL NAME
Personal name RICHARDSON, J. G.
245 10 - TITLE STATEMENT
Title CIMBRAS :
Remainder of title MATERIALES, MONTAJE Y ACCESORIOS
250 ## - EDITION STATEMENT
Edition statement 1a ed.
260 ## - PUBLICATION, DISTRIBUTION, ETC.
Place of publication, distribution, etc. MEXICO :
Name of publisher, distributor, etc. INSTITUTO MEXICANO DEL CEMENTO Y DEL CONCRETO, A.C,
Date of publication, distribution, etc. 1990
300 ## - PHYSICAL DESCRIPTION
Extent 94
Dimensions x 15.6 x 22.5
490 ## - SERIES STATEMENT
Series statement NUEVA SERIE IMCYC
Volume/sequential designation 3
520 ## - SUMMARY, ETC.
Summary, etc. DESDE LOS INICIOS DE LA HISTORIA DEL CIMBRADO, LO QUE AHORA SE CONOCE COMO MÉTODOS TRADICIONALES DE CONSTRUCCIÓN DE CIMBRAS DEMOSTRÓ SER UN PROCEDIMEINTO QUE IMPLICABA UN ENORME DESPERDICIO, ESPECIALMENTE EN LOS CASOS EN QUE NO SE LOGRABA UN CONSIDERABLE USO REPETIDO DE LOS MATERIALES. EN GRAN BRETAÑA Y ESTADOS UNIDOS PRONTO SE CREARON COMPAÑÍAS QUE VENDÍAN EQUIPO PATENTADO PARA CIMBRAS. SE DISEÑARON ALGUNOS ARREGLOS PARA CUMPLIR CON CIERTOS REQUERIMEINTOS DE LA CONSTRUCCIÓN.
650 14 - SUBJECT ADDED ENTRY--TOPICAL TERM
Topical term or geographic name entry element ARMADURAS DE CONSTRUCCION
Existencias
Withdrawn status Lost status Source of classification or shelving scheme Damaged status Not for loan Collection code Home library Current library Shelving location Date acquired Source of acquisition Inventory number Total Checkouts Full call number Barcode Date last seen Price effective from Koha item type
    Dewey Decimal Classification     General Biblioteca Karol Wojtyla Biblioteca Karol Wojtyla Sala general 03/12/2013 Compra 151000000000000000028836   693.554 RIC 67743 05/01/2026 03/12/2013 Libro